Frankenstein or The model prometheus
Tiểu thuyết Anh đầu thế kỷ 19, là tác phẩm đầu tiên về khoa học giả tưởng thời bấy giờ.
Đã lưu trong:
| Tác giả chính: | |
|---|---|
| Định dạng: | Sách |
| Năm xuất bản: |
Anh
David Campbell
1992
|
| Chủ đề: | |
| Tags: |
Thêm thẻ
Không có thẻ, Hãy là người đầu tiên gắn thẻ bản ghi này!
|
| LEADER | 00680nam a2200157 4500 | ||
|---|---|---|---|
| 082 | |a 420 |b SH200L | ||
| 100 | |a Shelley, Mary | ||
| 245 | |a Frankenstein |c Mary Shelley; Wendy Lesser introduced |b or The model prometheus | ||
| 260 | |a Anh |b David Campbell |c 1992 | ||
| 300 | |a 231 tr. |c 21 cm | ||
| 520 | |a Tiểu thuyết Anh đầu thế kỷ 19, là tác phẩm đầu tiên về khoa học giả tưởng thời bấy giờ. | ||
| 653 | |a Ngôn ngữ | ||
| 653 | |a Tiếng Anh | ||
| 942 | |2 ddc |c SH | ||
| 999 | |c 5262 |d 5262 | ||
| 952 | |0 0 |1 0 |2 ddc |4 0 |6 420_000000000000000_SH200L |7 0 |8 400 |9 50720 |a qbu |b qbu |c D4 |d 2014-12-22 |g 46000 |o 420 SH200L |p 3299.C1 |r 0000-00-00 |w 2014-12-22 |y SH |0 0 |6 420_000000000000000_SH200L | ||